000 00815nam0a22002651 4500
001 rc\4861968
005 20250613021854.0
021 _aRU
_b[62-34079]
035 _a(NLR Aleph) 008905045
090 _a8727446
_c8727446
100 _a20130426d1962 |||y0rusy50 ca
101 0 _arus
102 _aRU
105 _aa z |||a|
200 1 _aДвузуб
_e[Рассказы
_eДля мл. школьного возраста]
_fХудож. Б. Жуков
210 _aТашкент
_cЕш гвардия
_d1962
215 _a44 с.
_cил.
_d22
606 _aОндатра (д. л.)
_2psbo
700 1 _aХохлов
_bВ.И.
_gВладимир Иванович
702 1 _aЖуков
_bБ.
_4440
801 0 _aRU
_bNLR
_gpsbo
801 1 _aRU
_bELAR
_2rusmarc
852 _aNLR
_j62-6/5921
942 _cBOOK
980 _aNB